La reforma laboral y sus desafíos : formalidad, informalidad y migración /
Gorde:
| Egile nagusia: | |
|---|---|
| Formatua: | Liburua |
| Hizkuntza: | gaztelania |
| Argitaratua: |
Puebla : México :
Universidad Popular Autónoma del Estado de Puebla ; Miguel Angel Porrúa,
2018, c2018
|
| Saila: | (Las Ciencias Sociales Miguel Angel Porrúa. Tercera Década)
|
| Gaiak: | |
| Etiketak: |
Etiketarik gabe, Izan zaitez lehena erregistro honi etiketa jartzen!
|
MARC
| LEADER | 00000nam^a2200000^a^4500 | ||
|---|---|---|---|
| 001 | 000410204 | ||
| 005 | 20250521000000.0 | ||
| 009 | 20260310122040.295 | ||
| 020 | |a 978-607-8093-95-3 | ||
| 020 | |a 978-607-524-196-8 | ||
| 037 | |a Acervo ITESO - Biblioteca | ||
| 041 | |a ESP | ||
| 082 | |a 331. 10972 |b CRU | ||
| 100 | |a Cruz Vásquez, Miguel |e (autor) | ||
| 245 | 1 | 3 | |a La reforma laboral y sus desafíos : |b formalidad, informalidad y migración / |c M. Cruz Vásquez. |
| 264 | 4 | |a Puebla : |b Universidad Popular Autónoma del Estado de Puebla ; |a México : |b Miguel Angel Porrúa, |c 2018, c2018 | |
| 300 | |a 175 p. | ||
| 336 | |a texto |b txt |2 rdacontenido | ||
| 337 | |a sin mediación |b n |2 rdamedio | ||
| 338 | |a volumen |b nc |2 rdasoporte | ||
| 440 | 4 | |a (Las Ciencias Sociales Miguel Angel Porrúa. |p Tercera Década) | |
| 521 | |a FIL 2018 DIA | ||
| 649 | |a XX | ||
| 650 | |a Mercado de Trabajo - |z México - |x Tema Principal | ||
| 650 | |a Empleo y Desempleo - |z México - |x Tema Principal | ||
| 650 | |a Educación y Trabajo - |z México | ||
| 650 | |a Trabajo - |z México | ||
| 650 | |a Reforma Administrativa - |z México - |x Tema Principal | ||
| 650 | |a Derecho Laboral - |z México | ||
| 650 | |a Economía Subterránea - |z México | ||
| 650 | |a Economía Laboral - |z México | ||
| 910 | |a Fondo General | ||
| 920 | |a Impresos - Libros | ||
| 930 | |a Colección General | ||
| 905 | |a 101 | ||
| 901 | |a 0500312345 |b IT1 |c ACC |i C164666 |u 20250521 | ||
| 902 | |a https://opac.biblio.iteso.mx/vufind/Record/000410204 | ||